Nghiên cứu hiện trạng và đề xuất các biện pháp bảo tồn và phục hồi hệ thực vật ngập mặn ở huyện Diễn Châu, tỉnh Nghệ An
Tổng quan tài liệu nghiên cứu. Tổng quan về lịch sử nghiên cứu rừng ngập mặn. Đối tượng và phương pháp nghiên cứu. Kết quả nghiên cứu và thảo luận
Đã lưu trong:
| Príomhúdar: | |
|---|---|
| Údair Eile: | |
| Formáid: | Leabhar |
| Teanga: | Vietnamese |
| Foilsithe: |
Đà Nẵng
Đại học Đà Nẵng
2011
|
| Ábhair: | |
| Clibeanna: |
Cuir Clib Leis
Gan Chlibeanna, Bí ar an gcéad duine leis an taifead seo a chlibeáil!
|
| Thư viện lưu trữ: | Mạng thư viện Đại học Đà Nẵng |
|---|
| LEADER | 01656nam a2200361 4500 | ||
|---|---|---|---|
| 001 | 000010555 | ||
| 003 | 6760 | ||
| 005 | 20111215131230.0 | ||
| 008 | 111215s2011 viesd | ||
| 041 | |a vie | ||
| 072 | |a Luận văn Thạc sĩ Khoa học | ||
| 082 | |a 577.697 |b NG-A | ||
| 100 | |a Nguyễn Thị Ngọc Ánh | ||
| 245 | |a Nghiên cứu hiện trạng và đề xuất các biện pháp bảo tồn và phục hồi hệ thực vật ngập mặn ở huyện Diễn Châu, tỉnh Nghệ An |c Nguyễn Thị Ngọc Ánh | ||
| 260 | |a Đà Nẵng |b Đại học Đà Nẵng |c 2011 | ||
| 300 | |a 68tr |c 29cm |e CD. Tóm tắt luận văn | ||
| 500 | |a Luận văn Thạc sĩ Khoa học. Chuyên ngành: Sinh thái học. Mã số: 60.42.60 | ||
| 520 | |a Tổng quan tài liệu nghiên cứu. Tổng quan về lịch sử nghiên cứu rừng ngập mặn. Đối tượng và phương pháp nghiên cứu. Kết quả nghiên cứu và thảo luận | ||
| 653 | |a Sinh thái học | ||
| 653 | |a Luận văn Thạc sĩ Sinh thái học | ||
| 653 | |a hệ thực vật | ||
| 653 | |a biện pháp bảo tồn | ||
| 700 | |a Nguyễn Khoa Lân |c PGS.TS |e Hướng dẫn | ||
| OWN | |a LSP | ||
| AVA | |a UDN50 |b LSP |d 577.697 NG-A |e available |t Error 5001 Not defined in file expand_doc_bib_avail. |f 1 |g 0 |h N |i 0 |k 1 | ||
| 999 | |a From the UDN01 | ||
| AVA | |a UDN50 |b LSP |d 577.697 NG-A |e available |t Error 5001 Not defined in file expand_doc_bib_avail. |f 1 |g 0 |h N |i 0 |k 1 | ||
| TYP | |a Monograph | ||
| TYP | |a Printed language | ||
| 980 | |a Mạng thư viện Đại học Đà Nẵng | ||